000 00891nam a2200265Ia 4500
003 OSt
005 20221005111416.0
006 a|||||r|||| 00| 0
007 ta
008 221004b |||||||| |||| 00| 0 hin d
020 _a9788181439444 (pbk)
_c200
024 _a16860
037 _b523, 21/03/2015, Vani Prakashan
_cTextual
040 _aCRL
_cCRL
_bhin
041 _2hin
_ahin
082 _aO168,1N52x, 152P9
100 _aमुनव्वर राना
245 0 _aसब उसके लिए
246 _aSab usake lie
260 _aनई दिल्ली
_bवाणी प्रकाशन भारत
_c2010
300 _a88पृ0
_ccm.
650 _aउर्दू साहित्य
942 _hO168,1N52x, 152P9
_cTEXL
_2cc
999 _c1021759
_d1021759